000 00929nam a22002297a 4500
999 _c6612
_d6612
001 6612
003 BD-JhCC
005 20180130101544.0
008 180127b xxu||||| |||| 00| 0 eng d
035 _a(BD-JhCC)6612
040 _aBD-JhCC
_dBD-JhCC
041 _aeng
082 _a591
_bUCC 1998
100 _a শহীদুল্লাহ, এ. জে. এম.
245 _aউচ্চ মাধ্যমিক জীববিজ্ঞান দ্বিতীয় পত্র : প্রাণিবিজ্ঞান /
_cএ. জে. এম. শহীদুল্লাহ, অমরেন্দ্র নারায়ন চৌধুরী
260 _aঢাকা :
_bমল্লিক ব্রাদার্স,
_c1998.
300 _a526 p. :
_bills;
_c25 cm.
650 _aBiology
700 _a চৌধুরী, অমরেন্দ্র নারায়ন
942 _2ddc
_cBK